| 000 | 01201pam a2200385 i 4500 | ||
|---|---|---|---|
| 001 | 10444968 | ||
| 003 | ARRUPE | ||
| 005 | 20150506020008.0 | ||
| 008 | 130806s2013 enk b 001 0 eng | ||
| 010 | _a 2013020932 | ||
| 020 | _a9780230360914 (hardback) | ||
| 020 | _a0230360912 (hardback) | ||
| 024 | _a40022622795 | ||
| 035 | _a(OCoLC)834978385 | ||
| 035 | _a(OCoLC)ocn834978385 | ||
| 035 | _a(NNC)10444968 | ||
| 040 |
_aDLC _beng _erda _cDLC _dYDXCP _dBTCTA _dOCLCO _dNhCcYBP |
||
| 042 | _apcc | ||
| 050 | 0 | 0 |
_aB485 _b.A6445 2013 |
| 082 | 0 | 0 |
_a185 _223 |
| 245 | 0 | 0 |
_aAristotle on method and metaphysics / _cedited by Edward Feser, Pasadena City College, California, USA. |
| 260 |
_aCalifonia _bPalgrave Macmillan _c2013 |
||
| 300 |
_ax, 302 pages ; _c23 cm |
||
| 490 | 1 | _aPhilosophers in depth | |
| 504 | _aIncludes bibliographical references and index. | ||
| 600 | 0 | 0 |
_aAristotle. _917335 |
| 600 | 0 | 0 |
_aAristotle. _tMetaphysics. _917336 |
| 650 | 0 |
_aMetaphysics. _917337 |
|
| 700 | 1 |
_aFeser, Edward, _eeditor. _917338 |
|
| 830 | 0 |
_aPhilosophers in depth. _917339 |
|
| 942 |
_2lcc _cELECTRONIC _01 |
||
| 948 | 1 |
_a20130827 _bc _cybp21 _dMPS |
|
| 949 | _i0073227498 | ||
| 999 |
_c122711 _d122711 |
||